[Event "Asian Academies Hybrid Chess-ch"]
[Site "Tornelo INT"]
[Date "2021.11.22"]
[Round "2.1"]
[White "Kazi Afsan Rawnak, Anan"]
[Black "Naimanov, Galymzhan"]
[Result "0-1"]
[WhiteElo "1410"]
[BlackElo "1256"]
[PlyCount "52"]
[EventDate "2021.11.21"]
[EventType "team-tourn"]
[EventRounds "7"]
[EventCountry "NET"]
[SourceTitle "EXT 2023"]
[Source "ChessBase"]
[SourceDate "2022.10.05"]
[SourceVersion "1"]
[SourceVersionDate "2022.10.05"]
[SourceQuality "1"]
[WhiteTeam "Basir Memorial CA"]
[BlackTeam "Nur Sultan CA"]
[WhiteTeamCountry "BAN"]
[BlackTeamCountry "KAZ"]

1. e4 c5 2. Nf3 e6 3. d4 cxd4 4. Nxd4 Nf6 5. f3 d5 6. exd5 Nxd5 7. c4 Bb4+ 8. Bd2 Qh4+ 9. g3 Qxd4 10. cxd5 Qxb2 11. Nc3 Bxc3 12. Bxc3 Qxc3+ 13. Kf2 0-0 14. d6 Bd7 15. Rc1 Qb2+ 16. Rc2 Qb6+ 17. Ke1 Ba4 18. Rb2 Bxd1 19. Rxb6 Bxf3 20. Rb3 Bxh1 21. Rd3 Nd7 22. Be2 Rac8 23. Kd2 Rfd8 24. Bd1 Nc5 25. Rd4 Rxd6 26. Rxd6 Ne4+ 0-1